000 00342nab a22001097u 4500
008 130520b1984 xxu||||| |||| 00| 0 spa d
041 _aspa
100 1 _aMolina, U.
_967336
245 0 0 _aEstructura y funcionamiento de una comunidad cristiana popular
_cU. Molina
773 0 _tConcilium
_gV.2,1984,págs.321-330
_x0210-1041
_wRev134
942 _cAR
999 _c355118
_d355118